serun
ՀԱՅ ԳԻՐՔ = Armenian Book

Մարի Կյուրի : (Record no. 165532)

000 -LEADER
fixed length control field nam a22 a 4500
003 - CONTROL NUMBER IDENTIFIER
control field AM-YeNLA
005 - DATE AND TIME OF LATEST TRANSACTION
control field 20251217153330.0
007 - PHYSICAL DESCRIPTION FIXED FIELD--GENERAL INFORMATION
fixed length control field ta
008 - FIXED-LENGTH DATA ELEMENTS--GENERAL INFORMATION
fixed length control field 251217s2022 ai a|||gr|||||000|0|arm||
020 ## - INTERNATIONAL STANDARD BOOK NUMBER
International Standard Book Number 978-9939-9280-0-5
040 ## - CATALOGING SOURCE
Language of cataloging arm
Transcribing agency AM-YeNLA
041 0# - LANGUAGE CODE
Language code of text/sound track or separate title arm
Language code of original dan
100 1# - MAIN ENTRY--PERSONAL NAME
Personal name Օստըֆել, Ֆրենսիս Անդրեասըն
245 10 - TITLE STATEMENT
Title Մարի Կյուրի :
Remainder of title Լույսի ժողը խավարում ։ [Ֆիզիկայի և քիմիայի բնագավառում Նոբելյան մրցանակի կրկնակի դափնեկիր Մարի Կյուրի մասին] /
Statement of responsibility, etc. Ֆ.Ա. Օստըֆել, Ա.Ս. Անդերսըն, Ա. Բլազչուկ ; Դանիերենից թարգմանեց՝ Շ. Ավետիսյանը ; Թարգմանության խմբագիր՝ Ս. Ղազարյան.
260 ## - PUBLICATION, DISTRIBUTION, ETC. (IMPRINT)
Place of publication, distribution, etc. Երևան :
Name of publisher, distributor, etc. «Պարադիգմա» կրթական հիմնադրամ,
Date of publication, distribution, etc. 2022.
300 ## - PHYSICAL DESCRIPTION
Extent 130 էջ :
Other physical details գունանկար ;
Dimensions 30 սմ.
600 14 - SUBJECT ADDED ENTRY--PERSONAL NAME
Personal name Կյուրի, Մարի
Dates associated with a name 1867-1934
Form subdivision Կոմիքսներ
650 14 - SUBJECT ADDED ENTRY--TOPICAL TERM
Topical term or geographic name as entry element Դանիական կենսագրական արձակ
650 14 - SUBJECT ADDED ENTRY--TOPICAL TERM
Topical term or geographic name as entry element Կին Նոբելյան մրցանակակիրներ
Form subdivision Կենսագրություն
-- Կոմիքսներ
650 14 - SUBJECT ADDED ENTRY--TOPICAL TERM
Topical term or geographic name as entry element Կին ֆիզիկոսներ
Form subdivision Կենսագրություն
-- Կոմիքսներ
Geographic subdivision Ֆրանսիա
650 14 - SUBJECT ADDED ENTRY--TOPICAL TERM
Topical term or geographic name as entry element Կին քիմիկոսներ
Form subdivision Կենսագրություն
-- Կոմիքսներ
Geographic subdivision Ֆրանսիա
650 14 - SUBJECT ADDED ENTRY--TOPICAL TERM
Topical term or geographic name as entry element Կին քիմիկոսներ
Form subdivision Կենսագրություն
-- Կոմիքսներ
Geographic subdivision Լեհաստան
650 14 - SUBJECT ADDED ENTRY--TOPICAL TERM
Topical term or geographic name as entry element Կին ֆիզիկոսներ
Form subdivision Կենսագրություն
-- Կոմիքսներ
Geographic subdivision Լեհաստան
700 1# - ADDED ENTRY--PERSONAL NAME
Personal name Անդերսըն, Անյա Ս.
700 1# - ADDED ENTRY--PERSONAL NAME
Personal name Բլազչուկ, Աննա
700 1# - ADDED ENTRY--PERSONAL NAME
Personal name Ավետիսյան, Շողակաթ
Relator term թարգմանիչ
Relator code trl
700 1# - ADDED ENTRY--PERSONAL NAME
Personal name Ղազարյան, Սևակ
Relator term խմբագիր
Relator code edt
942 ## - ADDED ENTRY ELEMENTS (KOHA)
Source of classification or shelving scheme
Koha item type Books
Holdings
Withdrawn status Lost status Source of classification or shelving scheme Damaged status Not for loan Permanent Location Current Location Date acquired Inventory number Date last seen Price effective from Koha item type
          National Library of Armenia National Library of Armenia 2025-12-17 ՀԱԳ 2025-12-17 2025-12-17 Books

Հայաստանի ազգային գրադարան ՀՀ, 0009,Երևան, Տերյան 72
Հետադարձ կապ